000 004900000a22002170004500
005 20120302062027.0
942 _cBOOK
100 _a Vaidya,Sripad Mahadev
245 _a Pranavopaasanaa
250 _a 5
260 _aMumbai:Book Salers Va Pub.,1987.
300 _a258p.
040 _aMAR
365 _b25/-
650 _aUpaasanaa
650 _aPranvopaasanaa
650 _aPraanaayaam
650 _aTatvadnyaan
650 _aGayatri Upaasanaa
650 _aSandhyaavandanaa
999 _c355562
_d355559